000 00972nam0a2200313 4500
001 RU\NLR\BIBL_A\022281645
005 20250625183831.0
010 _94500
021 _aRU
035 _a(NLR Aleph) 022281645
090 _a13323382
_c13323382
100 _a20240720d1968 |||y0rusy50 ca
101 0 _amol
102 _aRU
105 _ay z 000 y
181 0 _ai
_baxxe
182 0 _an
200 1 _aДеспре културэши компортаре
_fЕ. А. Балер
203 _aТекст
_bвизуальный
_cнепосредственный
210 _aКишинэу
_cКартя Молдовеняскэ
_d1968
215 _a95,[2] с.,включ. обл.
_d14
541 1 _aО культуре и культурности
_zrus
686 1 _aЧ11
686 1 _aЧ71
700 1 _aБаллер
_bЭ.А.
_gЭлеазар Александрович
_4070
852 _aNLR
_bОНЛ
_jМолд./1-368
942 _cBOOK
980 _aNB